000 02067cam a2200337 i 4500
001 18829546
003 OSt
005 20250609154312.0
008 151023s2017 maua 000 0 eng
010 _a 2015955692
020 _a9789355731166
020 _a9788131520383
040 _aDLC
_beng
_erda
_cDLC
_dDLC
042 _apcc
050 0 0 _aHD30.28
_b.H5865 2017
082 0 0 _a658.4012
_bHIT/S
100 1 _aHitt, Michael A.
_910527
245 1 0 _aStrategic management :
_bCompetitiveness & globalization
_pConcepts /
_cMichael A. Hitt, Texas A&M University and Texas Christian University, R. Duane Ireland, Texas A&M University, Robert E. Hoskisson, Rice University.
250 _a12e.
264 1 _aAustralia :
_aBoston, MA :
_bCengage Learning,
_c[2017]
300 _axxiii, 442 pages :
_bcolor illustrations ;
_c26 cm
336 _atext
_btxt
_2rdacontent
337 _aunmediated
_bn
_2rdamedia
338 _avolume
_bnc
_2rdacarrier
520 8 _aExamine strategic management with the market-leading text that sets the standard for the most intellectually rich, practical analysis of strategic management. Written by respected experts Hitt, Ireland, and Hoskisson, the 12th edition of STRATEGIC MANAGEMENT is steeped in cutting-edge research featuring more than 500 emerging and leading companies, and reveals trends you can implement immediately to succeed in your field. You'll discover how to integrate the classic industrial organization model with a resource-based view of the firm to give you a complete understanding of how today's businesses use strategic management to establish competitive advantages and create value for stakeholders in the global marketplace. The freshly reimagined MindTap(R) learning solution provides you with real-world activities that will prepare you to excel as a leader and outperform rivals.
650 0 _aStrategic planning.
650 0 _aIndustrial management.
700 1 _aIreland, R. Duane
700 1 _aHoskisson, Robert E.
942 _2ddc
_cBK
_h658.4012
_iHIT/S
_k658.4012
_mHIT/S
999 _c44453
_d44453